000 00350nam a2200157Ia 4500
003 Ost
005 20260225132543.0
008 260225s9999||||xx |||||||||||||| ||und||
040 _cfsic
041 _afre
082 _a440
100 _aLorand Gaspar
_eAuteur
245 0 _aHistoire de la palestine /
245 0 _cLorand Gaspar
942 _cكتاب
999 _c33629
_d33629